000 00281nam a22001217a 4500
008 210707s2001 xx 000 0 und d
041 _aeng
082 _a052 RD
245 _aReaders Digest
260 _bReaders Digest
_c2001
650 _aGeneralities
906 _aDigest Readers
999 _c179543
_d179543